00451pab a2200133 454500008004000000100002700040245014900067260000900216300001600225362000800241650001300249700002500262773003000287180718b2006 xxu||||| |||| 00| 0 eng d aIver, Martha Abele Mac aWhich bets paid off? early findings on the impact of private management and K-8 conversation reforms on the achievement of Philadelphia students c2006 ap.1077-093. aSep aStudents aIver, Douglas J. Mac aReview of Policy Research